| 000 | 005260000a22001690004500 | ||
|---|---|---|---|
| 003 | MACL | ||
| 005 | 20160206165118.0 | ||
| 008 | 160206b xxu||||| |||| 00| 0 eng d | ||
| 040 |
_aMACL _cmacl |
||
| 041 | _aHindi | ||
| 082 | _a294 | ||
| 100 |
_aब्रहम्चारी श्री प्रभुदत्त _937181 |
||
| 245 | _aश्री भागवत दर्शन भागवती कथा | ||
| 260 | _bभागवत प्रेस | ||
| 650 |
_aReligion _937182 |
||
| 942 |
_cHIN _k294 _2ddc |
||
| 999 |
_c26689 _d26689 |
||